Statistics for Ultimate Car Quiz

Click here to take the quiz!

General Stats

  • This quiz has been taken 38 times
  • The average score is 83 of 500

Answer Stats

CountryFirst LetterAnswer% Correct
GermanyAAudi
82%
United StatesFFord
82%
United StatesCChevrolet
79%
ItalyFFerrari
79%
ItalyLLamborghini
79%
JapanTToyota
79%
GermanyVVolkswagen
79%
GermanyBBMW
75%
South KoreaHHyundai
75%
United KingdomRRolls-Royce
75%
SwedenVVolvo
75%
United KingdomBBentley
71%
United StatesDDodge
71%
South KoreaKKIA
71%
GermanyMMercedes-AMG
71%
GermanyMMercedes-Benz
71%
JapanNNissan
71%
GermanyPPorsche
71%
JapanHHonda
68%
United StatesGGMC
64%
JapanLLexus
64%
United StatesCChrysler
61%
ItalyFFiat
61%
United StatesJJeep
61%
BelarusMMAZ
61%
United KingdomMMini
61%
FrancePPeugeot
61%
United StatesRRAM
61%
FranceRRenault
61%
South KoreaRRenault-Korea
61%
SwedenSSaab
61%
JapanSSubaru
61%
JapanSSuzuki
61%
IndiaTTata
61%
United StatesTTesla
61%
ItalyAAlfa Romeo
57%
FranceBBugatti
57%
United StatesBBuick
57%
United StatesCCadillac
57%
FranceCCitroën
57%
United KingdomLLand Rover
57%
SpainSSEAT
57%
CzechiaSSkoda
57%
United KingdomAAC
54%
United StatesAAMC
54%
AustraliaHHolden
54%
United KingdomJJaguar
54%
United StatesLLincoln
54%
ItalyMMaserati
54%
JapanMMazda
54%
JapanMMitsubishi
54%
GermanyOOpel
54%
ItalyPPagani
54%
United StatesPPontiac
54%
United KingdomAAston Martin
50%
GermanySSmart
50%
JapanAAcura
46%
United StatesCCorvette
46%
United StatesHHummer
46%
RussiaLLada
46%
ItalyLLancia
46%
United KingdomLLotus
46%
United KingdomMMcLaren
46%
United StatesMMercury
46%
JapanSScion
46%
United KingdomVVauxhall
46%
ItalyAAbarth
43%
South KoreaDDaewoo
43%
SwedenKKoenigsegg
43%
United StatesMMustang
43%
United StatesOOldsmobile
43%
United StatesPPlymouth
43%
JapanDDaihatsu
39%
JapanDDatsun
39%
ChinaGGeely
39%
South KoreaGGenesis
39%
United StatesSSaturn
39%
FranceAAlpine
36%
JapanIInfiniti
36%
SwedenSScania
36%
GermanyDDaimler
32%
United StatesMMack
32%
GermanyMMaybach
32%
United KingdomMMG
32%
United Arab EmiratesWW Motors
32%
GermanyAAlpina
29%
United KingdomCCaterham
29%
ChinaCChery
29%
RomaniaDDacia
29%
AustraliaHHSV
29%
JapanIIsuzu
29%
SwedenPPolestar
29%
MalaysiaPProton
29%
South KoreaSSsangyong
29%
SerbiaYYugo
29%
DenmarkZZenvo
29%
United StatesDDMC
25%
The NetherlandsDDonkervoort
25%
United StatesFFisker
25%
RussiaGGAZ
25%
JapanHHino
25%
United StatesIInternational
25%
United StatesIInternational-Harvester
25%
AustriaKKTM
25%
GermanyMMAN
25%
United KingdomMMorgan
25%
United KingdomMMorris
25%
United StatesPPeterbilt
25%
United KingdomRRover
25%
United StatesSSaleen
25%
The NetherlandsSSpyker
25%
United StatesSSSC
25%
CzechiaTTatra
25%
United StatesVViper
25%
Germany99ff
21%
FranceAAixam
21%
United KingdomAAscari
21%
United KingdomAAustin
21%
ChinaBBrilliance
21%
The NetherlandsDDAF
21%
United StatesFFreightliner
21%
United StatesGGeo
21%
ItalyIIveco
21%
ChinaJJAC
21%
ChinaLLandwind
21%
United StatesRRivian
21%
United StatesSStudebaker
21%
United KingdomTTVR
21%
United StatesWWestern Star
21%
United KingdomAAriel
18%
United KingdomBBAC
18%
ChinaBBYD
18%
ChinaCChang'an
18%
United StatesDDuesenberg
18%
United StatesEEdsel
18%
ChinaFFoton
18%
AustraliaFFPV
18%
ChinaGGAC
18%
ChinaGGreat Wall
18%
United StatesHHennessey
18%
United StatesKKarma
18%
United StatesKKenworth
18%
United StatesLLucid
18%
FranceMMicrocar
18%
United StatesPPanoz
18%
United StatesRRezvani
18%
CroatiaRRimac
18%
ChinaSSAIC
18%
United StatesTTucker
18%
United StatesWWillys
18%
ChinaWWuling
18%
GermanyAAuto Union
14%
ItalyBBertone
14%
GermanyBBitter
14%
United KingdomBBrabham
14%
GermanyBBrabus
14%
United KingdomCCaparo
14%
United StatesDDeSoto
14%
FranceDDS
14%
United StatesEEagle
14%
ChinaFFAW
14%
United StatesHHudson
14%
ItalyIItaldesign
14%
United KingdomLLeyland
14%
ChinaLLifan
14%
FranceLLigier
14%
IndiaMMahindra
14%
MexicoMMastretta
14%
ChinaNNIO
14%
United KingdomNNoble
14%
United StatesPPackard
14%
ItalyPPininfarina
14%
ChinaQQoros
14%
ItalyQQvale
14%
United KingdomRRadical
14%
GermanyRRUF
14%
BulgariaSSIN
14%
United KingdomTTriumph
14%
BrazilTTroller
14%
MonacoVVenturi
14%
United StatesWWillys-Overland
14%
UkraineZZAZ
14%
GermanyAApollo
11%
PolandAArrinera
11%
GermanyAArtega
11%
JapanAAutobacs
11%
ChinaBBaojun
11%
GermanyBBorgward
11%
United KingdomBBristol
11%
ItalyCCizeta
11%
ItalyDDe Tomaso
11%
ChinaDDongfeng
11%
BelgiumGGillet
11%
ChinaGGonow
11%
JapanGGTR
11%
GermanyGGumpert
11%
ChinaHHafei
11%
SpainHHispano-Suiza
11%
FranceHHommell
11%
ChinaHHongqi
11%
United StatesIIC Bus
11%
GermanyIIsdera
11%
ItalyIIso
11%
United KingdomJJensen
11%
United StatesKKaiser
11%
RussiaKKamaz
11%
United KingdomLLagonda
11%
SwitzerlandLLeBlanc
11%
BrazilLLobini
11%
ChinaLLynk & co
11%
United KingdomMMarcos
11%
United StatesNNash
11%
MalaysiaPPerodua
11%
United StatesRRambler
11%
ItalySSpada
11%
RussiaUUAZ
11%
JapanUUD
11%
United KingdomUUltima
11%
United StatesVVector
11%
MexicoVVuhl
11%
GermanyWWartburg
11%
GermanyWWiesmann
11%
ChinaXXpeng
11%
ChinaYYutong
11%
United Arab EmiratesZZarooq Motors
11%
SerbiaZZastava
11%
United KingdomZZenos
11%
RussiaZZiL
11%
BrazilAAbadal
7%
United KingdomAArash
7%
RomaniaAARO
7%
JapanAAspark
7%
SpainAAspid
7%
ItalyAAutobianchi
7%
CzechiaAAvia
7%
United KingdomAAxon
7%
ChinaBBAW
7%
ChinaBBestune
7%
United KingdomBBowler
7%
MalaysiaBBufori
7%
The NetherlandsBBurton
7%
ChinaCChangfeng
7%
ChinaCChanghe
7%
ItalyCCisitalia
7%
United StatesCCzinger
7%
United StatesDDetroit-Electric
7%
ItalyDDiatto
7%
United StatesDDrako Motors
7%
GermanyEEDAG
7%
United KingdomEElemental
7%
AustraliaEElfin
7%
ChinaEEmgrand
7%
ChinaEEnglon
7%
United KingdomEERF
7%
ChinaEEverus
7%
United StatesFFaraday Future
7%
ItalyFFioravanti
7%
IndiaFForce
7%
PolandFFSO
7%
United KingdomGGinetta
7%
ChinaHHaima
7%
ChinaHHanteng
7%
ChinaHHaval
7%
ChinaHHawtai
7%
AustraliaHHDT
7%
JapanHHiger
7%
United KingdomHHillman
7%
IndiaHHindustan Motors
7%
EthiopiaHHolland Car
7%
ChinaHHualing Xingma
7%
United StatesHHupmobile
7%
SpainIIrizar
7%
ChinaJJinbei
7%
ChinaJJMC
7%
ChinaJJonway
7%
CzechiaKKaipan
7%
ChinaKKarry
7%
MoroccoLLaraki
7%
ChinaLLeahead
7%
ChinaLLi Auto
7%
CzechiaLLiAZ
7%
United KingdomLLister
7%
BulgariaLLitex
7%
GermanyLLloyd
7%
TaiwanLLuxgen
7%
ChinaMMaxus
7%
ItalyMMazzanti
7%
United StatesMMerkur
7%
JapanMMitsuoka
7%
SwitzerlandMMonteverdi
7%
United StatesMMosler
7%
AzerbaijanNNAZ
7%
ItalyOOSCA
7%
FrancePPanhard
7%
United StatesQQuant
7%
United KingdomRRiley
7%
SwitzerlandRRinspeed
7%
ChinaRRoewe
7%
RomaniaRROMAN
7%
United StatesRRossion
7%
IranSSaipa
7%
SwitzerlandSSbarro
7%
United StatesSSCG
7%
GermanySSetra
7%
ChinaSShacman
7%
FranceSSimca
7%
ChinaSSinotruk
7%
ChinaSSoueast
7%
South KoreaSSpirra
7%
United StatesSSterling
7%
FinlandTToroidion
7%
SpainTTramontana
7%
United StatesTTrion
7%
SloveniaTTushek
7%
The NetherlandsVVencer
7%
VietnamVVinFast
7%
United StatesVVLF
7%
ChinaVVoyah
7%
United KingdomWWestfield
7%
GermanyYYES
7%
ChinaYYudo
7%
TaiwanYYulon
7%
ItalyZZagato
7%
ArgentinaZZanella
7%
ChinaZZeekr
7%
ChinaZZhongtong
7%
ChinaZZinoro
7%
ChinaZZotye
7%
ChinaZZX Auto
7%
United StatesAAbbott-Detroit
4%
GermanyAABT
4%
AustraliaAACEEV
4%
IsraelAAIL
4%
ChinaAAiways
4%
Saudi ArabiaAAl-Araba
4%
PakistanAAl-Ghazi
4%
GreeceAAlta
4%
United KingdomAAlvis
4%
TurkeyAAskam
4%
United StatesAAuburn
4%
RussiaAAvtotor
4%
IndiaBBajaj
4%
United StatesBBantam
4%
RussiaBBAZ
4%
ChinaBBeiBen
4%
United KingdomBBerkeley
4%
FranceBBerliet
4%
IndiaBBharatBenz
4%
ItalyBBizzarrini
4%
United KingdomBBond
4%
CanadaBBRP
4%
ChinaBByton
4%
CanadaCCampagna
4%
United StatesCCanoo
4%
GermanyCCarlsson
4%
ChinaDDadi
4%
LatviaDDartz
4%
United KingdomDDavid Brown
4%
ChinaDDayun
4%
FranceDDe Dion
4%
FranceDDe La Chapelle
4%
FranceDDelage
4%
RussiaDDerways
4%
United Arab EmiratesDDevel Sixteen
4%
MexicoDDINA
4%
GermanyDDKW
4%
CroatiaDDOK-ING
4%
UruguayEEffa
4%
ItalyEEffeffe
4%
IndiaEEicher
4%
United KingdomEElva
4%
GreeceEELVO
4%
ArmeniaEErAZ
4%
IndonesiaEEsemka
4%
ItalyEEstrema
4%
ChinaEExeed
4%
United StatesEExomotive
4%
FranceFFacel Vega
4%
GermanyFFafnir
4%
United StatesFFranklin
4%
ChinaFFujian
4%
ChinaGGeometry
4%
United KingdomGGilbern
4%
ItalyGGiotti-Victoria
4%
ChinaGGolden Dragon
4%
United KingdomGGrinnall
4%
ChinaHHiPhi
4%
ChinaHHongyan
4%
IranIIKCO
4%
ItalyIInnocenti
4%
CanadaIIntermeccanica
4%
CzechiaJJawa
4%
United KingdomJJBA
4%
PolandJJelcz
4%
ChinaJJetta
4%
South AfricaJJoule
4%
GhanaKKantanka
4%
United KingdomKKeating
4%
ChinaKKing Long
4%
UkraineKKrAZ
4%
Saudi ArabiaKKSU
4%
UkraineLLAZ
4%
ChinaLLeapmotor
4%
United KingdomLLEVC
4%
United StatesLLordstown
4%
FranceLLyons
4%
GermanyMMansory
4%
GermanyMMelkus
4%
KenyaMMobius
4%
EgyptNNasr
4%
MalaysiaNNaza
4%
SwedenNNEVS
4%
United StatesNNikola
4%
AustriaOOAF
4%
RomaniaOOltcit
4%
LiechtensteinOOrca
4%
ItalyOOsella
4%
IranPPars Khodro
4%
SpainPPegaso
4%
South AfricaPPerana
4%
FrancePPGO
4%
United StatesPPierce-Arrow
4%
CzechiaPPraga
4%
IndiaPPremier
4%
AustriaPPuch
4%
ItalyPPuritalia
4%
ChinaRRanz
4%
UzbekistanSSAZ
4%
ChinaSSehol
4%
IrelandSShamrock
4%
United KingdomSSinger
4%
ChinaSSingulato
4%
FinlandSSisu
4%
AlgeriaSSNVI
4%
SpainSSpania GTA
4%
GreeceSSpyros-Panopoulos Auto
4%
United StatesSStutz
4%
United KingdomSSuffolk
4%
RussiaTTagAZ
4%
FranceTTalbot
4%
SloveniaTTAM
4%
SpainTTauro Sport
4%
GermanyTTechArt
4%
ThailandTThai Rung
4%
IndonesiaTTimor
4%
JapanTToyota Alphard
4%
JapanTToyota Century
4%
JapanTToyota Crown
4%
New ZealandTTrekka
4%
The NetherlandsVVandenbrink
4%
Sri LankaVVega EVX
4%
ChinaVVenucia
4%
TunisiaWWallyscar
4%
GermanyWWanderer
4%
ChinaWWeltmeister
4%
ChinaWWEY
4%
United StatesWWorkhorse
4%
ChinaXXinKai
4%
United StatesAAlumi Craft
0%
United KingdomAArrival
0%
United KingdomAAtalanta
0%
FranceAAvions Voisin
0%
FranceBBallot
0%
United StatesBBrammo
0%
United KingdomBBrooke
0%
FranceCChernard-Walcker
0%
United StatesCCole
0%
ItalyCCorbellati
0%
FranceCCorre La Licorne
0%
FranceDDarl'mat
0%
FranceDDarracq
0%
IndiaDDC Avanti
0%
FranceDDe Clercq
0%
FranceDDelahaye
0%
United KingdomEEterniti
0%
United KingdomFFoden
0%
ItalyFFragivento
0%
United KingdomGGardner-Douglas
0%
FranceGGeorges Irat
0%
ChinaHHeibao
0%
GermanyHHorch
0%
United KingdomHHRG
0%
ItalyMManifattura
0%
United KingdomMMarlin
0%
United KingdomMMEV
0%
United KingdomMMK
0%
ItalyMMotola
0%
GermanyNNAG
0%
United KingdomNNapier-Railton
0%
ItalyPPambuffeti
0%
FranceRRochet-Schneider
0%
United KingdomRRonart
0%
FranceSSCAP
0%
ItalySSCAT
0%
ChinaSShanghai Maple
0%
United StatesSSIERRA Cars
0%
ItalyTTazzari
0%
United KingdomTTornado
0%
United KingdomTTrojan
0%
United KingdomWWolseley
0%

Score Distribution

Percentile by Number Answered

Percent of People with Each Score

Your Score History

You have not taken this quiz